| 000 | 00409nam a2200169 a 4500 | ||
|---|---|---|---|
| 005 | 20140414093840.0 | ||
| 008 | 071003s19uu xx 00 eng d | ||
| 050 |
_aVCD 791.43 _bWIZ 1992 |
||
| 245 | _aThe Wizard of Oz. | ||
| 260 |
_aSl : _bWarner Brothers. |
||
| 300 | _a2 videodisks | ||
| 650 | _aFilm adaptations. | ||
| 650 | _aFilm. | ||
| 650 | _aMotion picture. | ||
| 942 | _cAVM | ||
| 999 |
_c109242 _d109242 |
||